000 00426nam a2200145Ia 4500
003 OSt
005 20260129104530.0
008 211028s2018 xx 000 0 und d
040 _cAIMIT LIBRARY
041 _aeng
100 _aAbraham, Jesty;Nazareth, Teresa.
_g1616068
_97824
245 _aStudy on impact of training on job performance at Campco Puttur /
260 _aMangalore
_bTeresa Nazareth.
_c2018
942 _2ddc
_cPRO
999 _c219392
_d219392